[Event "SommerMaaskeHede EMT 2002"]
[Site "Vanlose"]
[Date "2002.08.01"]
[Round "4"]
[White "Tandrup, Michael"]
[Black "Sorensen, Morten S"]
[Result "1/2-1/2"]
[WhiteElo "1874"]
[BlackElo "2051"]
[PlyCount "53"]
[EventDate "2002.07.29"]


1. d4 Nf6 2. Nf3 c5 3. d5 d6 4. c4 e5 5. Nc3 Be7 6. e4 O-O 7. Bd3 Nbd7 8. O-O
Ne8 9. Ne1 g6 10. f4 exf4 11. Bxf4 Bg5 12. Bg3 Ne5 13. Bxe5 dxe5 14. Nf3 Be3+
15. Kh1 Qe7 16. Qe2 Bf4 17. Rae1 a6 18. Qf2 Bd7 19. a4 b6 20. b3 Kg7 21. Ne2
Bh6 22. Qg3 f6 23. h3 Nd6 24. Nh4 Bg5 25. Nf3 Bh6 26. Nh4 Bg5 27. Nf3 1/2-1/2

[Event "SommerMaaskeHede EMT 2002"]
[Site "Vanlose"]
[Date "2002.08.01"]
[Round "4"]
[White "Askgaard, Jens"]
[Black "Olsen, Claus B"]
[Result "1-0"]
[WhiteElo "2106"]
[BlackElo "2036"]
[PlyCount "75"]
[EventDate "2002.07.29"]


1. d4 f5 2. e4 fxe4 3. Nc3 Nf6 4. Bg5 c6 5. f3 d5 6. fxe4 dxe4 7. Bc4 Qa5 8.
Qd2 Bf5 9. Nge2 Nbd7 10. O-O e6 11. Ng3 Bb4 12. Nxf5 exf5 13. Be6 g6 14. a3
Bxc3 15. bxc3 Nd5 16. g4 Qxc3 17. Qxc3 Nxc3 18. gxf5 gxf5 19. Rxf5 Rf8 20. Re1
Rxf5 21. Bxf5 Nf8 22. Re3 Nd5 23. Rxe4+ Kf7 24. c4 Nf6 25. Rf4 Nh5 26. Rf2 Kg8
27. d5 Ng7 28. Bc2 cxd5 29. cxd5 Ne8 30. Be7 Ng6 31. Bxg6 hxg6 32. Rf8+ Kg7 33.
d6 Rd8 34. Rxe8 Rxe8 35. d7 Rxe7 36. d8=Q Rf7 37. Qd4+ Kh7 38. Qxa7 1-0

[Event "SommerMaaskeHede EMT 2002"]
[Site "Vanlose"]
[Date "2002.08.01"]
[Round "4"]
[White "Christensen, Jan N"]
[Black "Andersen, Henrik"]
[Result "1/2-1/2"]
[WhiteElo "2009"]
[BlackElo "1901"]
[PlyCount "53"]
[EventDate "2002.07.29"]


1. e4 c5 2. f4 e6 3. Nf3 d5 4. Bb5+ Bd7 5. Bxd7+ Nxd7 6. Nc3 dxe4 7. Nxe4 Ngf6
8. Qe2 Be7 9. O-O O-O 10. d3 Qc7 11. Bd2 Rac8 12. Ne5 Nxe4 13. Qxe4 Nf6 14. Qf3
b5 15. Rae1 c4 16. d4 b4 17. c3 bxc3 18. bxc3 Rb8 19. Qc6 Rfc8 20. Qxc7 Rxc7
21. Rb1 Rcb7 22. Rxb7 Rxb7 23. Nxc4 Rc7 24. Na5 Ne4 25. Rd1 Nxc3 26. Bxc3 Rxc3
27. Nb3 1/2-1/2

[Event "SommerMaaskeHede EMT 2002"]
[Site "Vanlose"]
[Date "2002.08.01"]
[Round "4"]
[White "Jensen, Soren Holm"]
[Black "Andersen, Rune"]
[Result "1-0"]
[WhiteElo "1953"]
[BlackElo "2021"]
[PlyCount "107"]
[EventDate "2002.07.29"]


1. e4 c5 2. Nf3 Nc6 3. d4 cxd4 4. Nxd4 g6 5. c4 Bg7 6. Be3 Nf6 7. Nc3 O-O 8.
Be2 d6 9. Qd2 Bd7 10. Rc1 Nxd4 11. Bxd4 Bc6 12. f3 a5 13. b3 Nd7 14. Bxg7 Kxg7
15. Qd4+ e5 16. Qxd6 Qh4+ 17. g3 Qh3 18. Bf1 Qh5 19. Bg2 Rad8 20. O-O Qg5 21.
f4 exf4 22. Qxf4 Qc5+ 23. Qf2 Qe5 24. Nd5 f5 25. exf5 Bxd5 26. Rce1 Bxg2 27.
Rxe5 Bxf1 28. Re7+ Kf6 29. Re6+ Kg7 30. Qxf1 Rxf5 31. Qe2 Nf6 32. Re7+ Kf8 33.
h3 h5 34. Re3 Rd4 35. Rf3 Re4 36. Qf2 Rxf3 37. Qxf3 Ke7 38. Qf2 Nd7 39. Qd2 Re5
40. Qd3 Re6 41. Qd4 b6 42. a3 Re5 43. b4 axb4 44. axb4 Ke6 45. Qd3 g5 46. Qf3
Rf5 47. Qc6+ Ke7 48. Qg6 Re5 49. Qxh5 Nf6 50. Qf3 Ne4 51. h4 Nd2 52. Qb7+ Ke6
53. Qxb6+ Kf5 54. Qf2+ 1-0

[Event "SommerMaaskeHede EMT 2002"]
[Site "Vanlose"]
[Date "2002.08.01"]
[Round "4"]
[White "Skjoldan, Benjamin"]
[Black "Petersen, Steen Brustrup"]
[Result "1/2-1/2"]
[WhiteElo "1882"]
[BlackElo "2049"]
[PlyCount "82"]
[EventDate "2002.07.29"]


1. d4 Nf6 2. c4 e6 3. g3 d5 4. Bg2 dxc4 5. Nf3 Nc6 6. Qa4 Nd7 7. Qxc4 Nb6 8.
Qd3 e5 9. Nxe5 Nb4 10. Qd1 Qxd4 11. Qxd4 Nc2+ 12. Kd1 Nxd4 13. e3 Ne6 14. b3 a5
15. Bb2 a4 16. Nd2 axb3 17. axb3 Rxa1+ 18. Bxa1 f6 19. Nd3 Nc5 20. Nxc5 Bxc5
21. Ke2 c6 22. Ne4 Bb4 23. Bd4 Nd5 24. Nc5 Nc3+ 25. Kd3 Nb5 26. Kc4 Ba5 27. b4
Bc7 28. Bb2 Ke7 29. Kd3 Bd6 30. Rc1 Nc7 31. Ke2 Rd8 32. Bd4 Nb5 33. Bb2 Bc7 34.
Rd1 Bg4+ 35. f3 Rxd1 36. Kxd1 Bc8 37. f4 Bd6 38. Kd2 Nc7 39. Bd4 Nb5 40. Bb2
Bc7 41. e4 Nd6 1/2-1/2

[Event "SommerMaaskeHede EMT 2002"]
[Site "Vanlose"]
[Date "2002.08.01"]
[Round "4"]
[White "Brandstrup, Bo"]
[Black "Kaaber Hansen, Jacob"]
[Result "0-1"]
[WhiteElo "1924"]
[BlackElo "1890"]
[PlyCount "138"]
[EventDate "2002.07.29"]


1. d4 d5 2. c4 e6 3. cxd5 exd5 4. Nc3 Nf6 5. Bg5 Be7 6. e3 O-O 7. Bd3 Nbd7 8.
Nge2 Re8 9. O-O c6 10. Qc2 h6 11. Bxf6 Nxf6 12. Ng3 Bd6 13. Rac1 Ng4 14. Bf5
Bxf5 15. Qxf5 Qh4 16. h3 Nxe3 17. fxe3 Qxg3 18. Rf3 Qg6 19. Qxg6 fxg6 20. Re1
Bb4 21. Kf2 Re7 22. Ke2 Rf7 23. Kd3 Re8 24. Ref1 Rfe7 25. Nd1 g5 26. a3 Bd6 27.
Nc3 Re6 28. Nd1 Be7 29. Nc3 g4 30. hxg4 Bg5 31. Re1 R8e7 32. a4 Re4 33. Re2
Rxg4 34. e4 dxe4+ 35. Nxe4 Rd7 36. Kc3 Bd8 37. b3 Ba5+ 38. Kc4 Bb6 39. Rd3 Rd5
40. b4 a5 41. bxa5 Rxa5 42. Nc3 Rf4 43. Re7 Rf7 44. Rde3 Rg5 45. Re8+ Kh7 46.
g3 Rg4 47. R8e4 Rxe4 48. Rxe4 Bc7 49. Re3 Kg6 50. d5 cxd5+ 51. Nxd5 Kg5 52.
Nxc7 Rxc7+ 53. Kb5 Kg4 54. a5 h5 55. Kb6 Rf7 56. Rc3 g5 57. Rc7 Rf1 58. Kxb7
Kxg3 59. Rc5 Kh4 60. a6 g4 61. a7 Ra1 62. Kb6 Rxa7 63. Kxa7 g3 64. Kb6 g2 65.
Rc1 Kg3 66. Kc5 Kh2 67. Kd4 g1=Q+ 68. Rxg1 Kxg1 69. Ke3 Kg2 0-1

[Event "SommerMaaskeHede EMT 2002"]
[Site "Vanlose"]
[Date "2002.08.01"]
[Round "4"]
[White "Pedersen, Flemming Petri"]
[Black "Hjortkaer, Rolf"]
[Result "0-1"]
[WhiteElo "2085"]
[BlackElo "1884"]
[PlyCount "54"]
[EventDate "2002.07.29"]


1. e4 c5 2. Nf3 Nc6 3. d4 cxd4 4. Nxd4 e5 5. Nb5 a6 6. Nd6+ Bxd6 7. Qxd6 Qf6 8.
Qa3 Qg6 9. Nc3 Nd4 10. Bd3 Qxg2 11. Be3 Qxh1+ 12. Kd2 Qxa1 13. Bxd4 exd4 14.
Nd5 Qg1 15. Nc7+ Kd8 16. Nxa8 Qxf2+ 17. Kd1 Qg1+ 18. Kd2 Qe3+ 19. Kd1 Qg1+ 20.
Kd2 Qxh2+ 21. Kd1 Nf6 22. Qa5+ Ke7 23. e5 Qh1+ 24. Ke2 Nd5 25. Qc5+ Kd8 26.
Qxd4 Re8 27. c4 Qh2+ 0-1

[Event "SommerMaaskeHede EMT 2002"]
[Site "Vanlose"]
[Date "2002.08.01"]
[Round "4"]
[White "Adamski, Jan"]
[Black "Carstensen, Jacob"]
[Result "1-0"]
[WhiteElo "2304"]
[BlackElo "2224"]
[PlyCount "127"]
[EventDate "2002.07.29"]


1. c4 e5 2. g3 Nf6 3. Bg2 d5 4. cxd5 Nxd5 5. Nc3 Nb6 6. Nf3 Nc6 7. O-O Be7 8.
a3 a5 9. d3 Be6 10. Be3 Nd5 11. Nxd5 Bxd5 12. Qa4 O-O 13. Rac1 Bf6 14. Rc5 Be7
15. Rc2 Bd6 16. Bc5 Ne7 17. Bxd6 cxd6 18. Nd2 Bc6 19. Bxc6 bxc6 20. d4 f6 21.
Rd1 Qc7 22. dxe5 fxe5 23. Qg4 Rab8 24. Nf3 Rf6 25. Ng5 Nf5 26. Qc4+ Kh8 27.
Qxc6 Qxc6 28. Rxc6 Nd4 29. Rxd6 h6 30. Ne4 Rxd6 31. Nxd6 Nxe2+ 32. Kf1 Rxb2 33.
Nc4 Ra2 34. Nxa5 Rxa3 35. Nc4 Ra2 36. Nxe5 Nc3 37. Rd8+ Kh7 38. h4 Ra5 39. Re8
Ne4 40. Nd7 Ra1+ 41. Kg2 Rd1 42. Rd8 Ra1 43. h5 Ra2 44. Nf8+ Kg8 45. Ng6+ Kf7
46. Rf8+ Ke6 47. Re8+ Kd5 48. Nf4+ Kd4 49. Ne6+ Kd5 50. Nc7+ Kd4 51. Nb5+ Kd3
52. Rxe4 Rxf2+ 53. Kxf2 Kxe4 54. Nd6+ Ke5 55. Ne8 Kf5 56. Nxg7+ Kf6 57. Ne8+
Kg5 58. Kf3 Kxh5 59. Kf4 Kg6 60. Kg4 Kf7 61. Nd6+ Kg6 62. Nf5 h5+ 63. Kf4 Kf6
64. Nh4 1-0

[Event "SommerMaaskeHede EMT 2002"]
[Site "Vanlose"]
[Date "2002.08.01"]
[Round "4"]
[White "Reuter, Filip"]
[Black "Nilsson, Nils Specht"]
[Result "1-0"]
[WhiteElo "2129"]
[BlackElo "2121"]
[PlyCount "142"]
[EventDate "2002.07.29"]


1. e4 c5 2. Nf3 g6 3. d4 Bg7 4. c3 cxd4 5. cxd4 d5 6. e5 Nc6 7. Qb3 Nh6 8. Bxh6
Bxh6 9. Nc3 O-O 10. Be2 e6 11. h4 f5 12. Rd1 Rb8 13. Kf1 Bd7 14. Ng5 Bxg5 15.
hxg5 Qxg5 16. Nxd5 exd5 17. Qxd5+ Rf7 18. e6 Bxe6 19. Qxe6 Kg7 20. Rxh7+ Kxh7
21. Qxf7+ Kh6 22. Rd3 Qc1+ 23. Bd1 Rd8 24. Kg1 Kg5 25. d5 f4 26. g4 f3 27. d6
Nb4 28. Qe7+ Kh6 29. Rd4 Nc6 30. g5+ Kh5 31. Qh7+ Kxg5 32. Rd5+ Kf6 33. Qh4+
Ke6 34. Qe4+ Kf7 35. Qxf3+ Kg7 36. d7 Rf8 37. Qc3+ Qxc3 38. bxc3 Nd8 39. Rb5
Kf7 40. Bg4 Ke7 41. f3 Rf6 42. Ra5 a6 43. Re5+ Kd6 44. Re8 Kc7 45. Rh8 Rc6 46.
Rg8 Rxc3 47. Rxg6 Ra3 48. Rg5 Rxa2 49. Rc5+ Kd6 50. Rc8 Ke7 51. Rc3 Rd2 52. Rc8
b5 53. Ra8 Ra2 54. Rb8 Rc2 55. Ra8 Rc6 56. Kf2 Rc2+ 57. Ke3 Ra2 58. Rb8 Rb2 59.
Rb6 a5 60. Rh6 Rb3+ 61. Kd4 Rb4+ 62. Kc5 Rf4 63. Kxb5 a4 64. Rh8 Rf8 65. Rxf8
Kxf8 66. Kxa4 Ke7 67. Kb5 Kd6 68. Kb6 Nf7 69. Kb7 Ke7 70. Kc7 Nd8 71. f4 Nf7
1-0

[Event "SommerMaaskeHede EMT 2002"]
[Site "Vanlose"]
[Date "2002.08.01"]
[Round "4"]
[White "Bogdanov, Dimitri"]
[Black "Nielsen, Jan Mose"]
[Result "0-1"]
[WhiteElo "2052"]
[BlackElo "2037"]
[PlyCount "94"]
[EventDate "2002.07.29"]


1. e4 c5 2. Nc3 Nc6 3. f4 g6 4. Nf3 Bg7 5. Bb5 Nd4 6. O-O Nxb5 7. Nxb5 a6 8.
Nc3 d6 9. d3 b5 10. Qe1 Bb7 11. Be3 b4 12. Nd1 e6 13. f5 Nf6 14. fxe6 fxe6 15.
e5 Ng4 16. Ng5 Bxe5 17. Nf7 Qd7 18. Nxh8 Bxh8 19. Bg5 Be5 20. h3 h6 21. Bf4 g5
22. Bxe5 Nxe5 23. Rf6 Qg7 24. Qf2 Ke7 25. d4 cxd4 26. Qxd4 Qxf6 27. Qxb4 Bc6
28. Ne3 Qf4 29. Qb6 Nd7 30. Qxc6 Qxe3+ 31. Kh1 Rf8 32. Rd1 Qc5 33. Qxa6 h5 34.
c3 g4 35. b4 Qe5 36. Qd3 gxh3 37. Qxh3 Qf4 38. Qxh5 Rf6 39. Qh7+ Kd8 40. Qd3
Rh6+ 41. Kg1 Qh2+ 42. Kf1 Rf6+ 43. Ke1 Qxg2 44. Rd2 Qg1+ 45. Ke2 Rf2+ 46. Ke3
Qg3+ 47. Kd4 Rf4+ 0-1

[Event "SommerMaaskeHede EMT 2002"]
[Site "Vanlose"]
[Date "2002.08.02"]
[Round "5"]
[White "Hjortkaer, Rolf"]
[Black "Bogdanov, Dimitri"]
[Result "1/2-1/2"]
[WhiteElo "1884"]
[BlackElo "2052"]
[PlyCount "105"]
[EventDate "2002.07.29"]


1. e4 g6 2. d4 Bg7 3. Be3 d6 4. Nc3 c6 5. Be2 b5 6. a3 a6 7. Qd2 Nd7 8. f4 Bb7
9. Bf3 Nb6 10. b3 Rc8 11. Rd1 Nf6 12. Nh3 O-O 13. O-O Nfd7 14. e5 Nd5 15. Nxd5
cxd5 16. Be2 dxe5 17. fxe5 f6 18. Nf4 Qb6 19. Bg4 f5 20. Bf3 e6 21. Nh3 Qc7 22.
Rf2 Qc3 23. Qc1 Rfe8 24. Bg5 Nf8 25. Qb1 h6 26. Rd3 Qc7 27. Bc1 a5 28. b4 axb4
29. Qxb4 Qc4 30. Rb3 Bc6 31. Nf4 g5 32. Nd3 g4 33. Be2 Nd7 34. Be3 Bf8 35. Qd2
Qa4 36. Nb2 Qa7 37. Bxh6 Be7 38. Be3 Bxa3 39. Bxb5 Bxb2 40. Bh6 Kh7 41. Rxb2
Rb8 42. c4 dxc4 43. Ra2 Qxa2 44. Qxa2 Rxb5 45. Qxc4 Rb1+ 46. Bc1 Bd5 47. Qc2
Be4 48. Qd2 Nf8 49. Qh6+ Kg8 50. Ra2 Rc8 51. Qg5+ Kf7 52. Ra7+ Bb7 53. Qh5+
1/2-1/2

[Event "SommerMaaskeHede EMT 2002"]
[Site "Vanlose"]
[Date "2002.08.02"]
[Round "5"]
[White "Brandstrup, Bo"]
[Black "Andersen, Henrik"]
[Result "1/2-1/2"]
[WhiteElo "1924"]
[BlackElo "1901"]
[PlyCount "38"]
[EventDate "2002.07.29"]


1. Nf3 d5 2. c4 e6 3. g3 c5 4. Bg2 Nc6 5. O-O Nf6 6. d4 Be7 7. dxc5 Bxc5 8. a3
a5 9. e3 O-O 10. Qc2 Qe7 11. b3 b6 12. cxd5 exd5 13. Bb2 Ba6 14. Rd1 Rad8 15.
Nbd2 d4 16. exd4 Nxd4 17. Nxd4 Bxd4 18. Bxd4 Rxd4 19. Re1 Qd6 1/2-1/2

[Event "SommerMaaskeHede EMT 2002"]
[Site "Vanlose"]
[Date "2002.08.02"]
[Round "5"]
[White "Kaaber Hansen, Jacob"]
[Black "Pedersen, Flemming Petri"]
[Result "1/2-1/2"]
[WhiteElo "1890"]
[BlackElo "2085"]
[PlyCount "44"]
[EventDate "2002.07.29"]


1. e4 c6 2. Nc3 d5 3. Nf3 dxe4 4. Nxe4 Nf6 5. Nxf6+ gxf6 6. Bc4 Bf5 7. d3 e6 8.
Qe2 Rg8 9. Nh4 Bg4 10. f3 f5 11. g3 Bh3 12. Bd2 Qf6 13. Bc3 Bb4 14. Qd2 Bxc3
15. Qxc3 Nd7 16. Qxf6 Nxf6 17. Kf2 O-O-O 18. Ng2 Bxg2 19. Kxg2 h5 20. Kf2 Nd5
21. Bxd5 Rxd5 22. Rae1 Rb5 1/2-1/2

[Event "SommerMaaskeHede EMT 2002"]
[Site "Vanlose"]
[Date "2002.08.02"]
[Round "5"]
[White "Jensen, Soren Holm"]
[Black "Askgaard, Jens"]
[Result "0-1"]
[WhiteElo "1953"]
[BlackElo "2106"]
[PlyCount "54"]
[EventDate "2002.07.29"]


1. e4 e6 2. d4 d5 3. Nd2 c5 4. exd5 Qxd5 5. Ngf3 cxd4 6. Bc4 Qd8 7. O-O a6 8.
a4 Nc6 9. Nb3 Bd6 10. Nbxd4 Nge7 11. b3 Ne5 12. Nxe5 Bxe5 13. Bb2 Qc7 14. g3
Nc6 15. Rb1 O-O 16. Nf3 Bxb2 17. Rxb2 b6 18. Bd3 Bb7 19. Qe2 Nb4 20. Bxh7+ Kxh7
21. Ng5+ Kg6 22. Qg4 f5 23. Qh4 Qc6 24. f3 Qc3 25. Rbb1 Qe3+ 26. Kg2 Rh8 27.
Rbe1 Qd2+ 0-1

[Event "SommerMaaskeHede EMT 2002"]
[Site "Vanlose"]
[Date "2002.08.02"]
[Round "5"]
[White "Tandrup, Michael"]
[Black "Olsen, Claus B"]
[Result "0-1"]
[WhiteElo "1874"]
[BlackElo "2036"]
[PlyCount "77"]
[EventDate "2002.07.29"]


1. d4 Nf6 2. c4 e5 3. dxe5 Ng4 4. Nf3 Bc5 5. e3 Nc6 6. Be2 O-O 7. h3 Ngxe5 8.
Nxe5 Nxe5 9. O-O Qh4 10. b3 Re8 11. Bb2 d6 12. Kh2 Re6 13. Nd2 Rh6 14. Bxe5
dxe5 15. Nf3 Qe7 16. e4 Bd7 17. Qc2 Qf6 18. Qc1 Bc6 19. Bd3 Rd8 20. Bc2 Qe7 21.
a3 a5 22. a4 Rhd6 23. Qg5 Qxg5 24. Nxg5 Rd2 25. Rad1 R8d6 26. Rxd2 Rxd2 27. Bb1
Rb2 28. Nf3 f6 29. Rd1 Rxb3 30. Rd8+ Kf7 31. Bc2 Rb2 32. Rd2 Bb4 33. Re2 Bxa4
34. Bd3 Rxe2 35. Bxe2 Bc2 36. Ng1 Bxe4 37. Bh5+ g6 38. Bf3 Bxf3 39. Nxf3 0-1

[Event "SommerMaaskeHede EMT 2002"]
[Site "Vanlose"]
[Date "2002.08.02"]
[Round "5"]
[White "Petersen, Steen Brustrup"]
[Black "Nilsson, Nils Specht"]
[Result "0-1"]
[WhiteElo "2049"]
[BlackElo "2121"]
[PlyCount "130"]
[EventDate "2002.07.29"]


1. d4 b6 2. Nf3 Bb7 3. e3 g6 4. b3 Bg7 5. Bb2 f5 6. Nbd2 Nf6 7. Bd3 a5 8. Qe2
e6 9. h4 Nc6 10. a3 Qe7 11. Bb5 Nd8 12. Bd3 Nf7 13. e4 Nh5 14. g3 c5 15. e5 O-O
16. Nc4 b5 17. Ncd2 b4 18. a4 Bh6 19. Rg1 Ng7 20. O-O-O Bxf3 21. Qxf3 cxd4 22.
Bxd4 d6 23. exd6 Qxd6 24. Be3 Ne5 25. Qe2 Nxd3+ 26. Qxd3 Qxd3 27. cxd3 f4 28.
gxf4 Bxf4 29. Nc4 Bc7 30. Kd2 Rf5 31. Rg4 Raf8 32. Ke2 Nh5 33. d4 Nf6 34. Rg5
Nd5 35. Rxf5 exf5 36. Rg1 f4 37. Bd2 f3+ 38. Kd3 Re8 39. Be3 Bd8 40. Rg4 Kg7
41. Ne5 Bf6 42. Nxf3 Rc8 43. Bd2 Nc3 44. Ne5 Bxe5 45. dxe5 Rc5 46. Be3 Rd5+ 47.
Bd4 Kf7 48. Rf4+ Ke7 49. Kc4 Rd8 50. Rf6 Ne4 51. Rc6 Nd2+ 52. Kd3 Nxb3 53. Rd6
Rxd6 54. exd6+ Kxd6 55. Bb6 Kc6 56. Bd8 Nc5+ 57. Kc4 b3 58. Kc3 Nxa4+ 59. Kxb3
Kb5 60. Bc7 Nc5+ 61. Ka3 Nd3 62. f3 h5 63. Bg3 a4 64. Bd6 Ne1 65. f4 Ng2 0-1

[Event "SommerMaaskeHede EMT 2002"]
[Site "Vanlose"]
[Date "2002.08.02"]
[Round "5"]
[White "Carstensen, Jacob"]
[Black "Nielsen, Jan Mose"]
[Result "1-0"]
[WhiteElo "2224"]
[BlackElo "2037"]
[PlyCount "61"]
[EventDate "2002.07.29"]


1. d4 d5 2. c4 c6 3. Nc3 Nf6 4. e3 g6 5. Nf3 Bg7 6. Bd3 O-O 7. O-O Nbd7 8. b3
Re8 9. cxd5 Nxd5 10. Nxd5 cxd5 11. Bb2 b6 12. Bb5 Bb7 13. Ne5 Bxe5 14. dxe5 a6
15. Be2 Rc8 16. e6 Nc5 17. exf7+ Kxf7 18. f4 e6 19. Qd4 Rg8 20. Rac1 Nd7 21.
Rxc8 Qxc8 22. Rc1 Qb8 23. Qc3 h5 24. b4 e5 25. fxe5 Rc8 26. Rf1+ Ke6 27. Qd3
Rg8 28. e4 Nxe5 29. exd5+ Bxd5 30. Qe3 Re8 31. Bxa6 1-0

[Event "SommerMaaskeHede EMT 2002"]
[Site "Vanlose"]
[Date "2002.08.02"]
[Round "5"]
[White "Sorensen, Morten S"]
[Black "Skjoldan, Benjamin"]
[Result "1-0"]
[WhiteElo "2051"]
[BlackElo "1882"]
[PlyCount "79"]
[EventDate "2002.07.29"]


1. d4 Nf6 2. Nf3 g6 3. Bf4 Bg7 4. Nc3 d5 5. Qd2 b6 6. O-O-O Bb7 7. Bh6 Bxh6 8.
Qxh6 e6 9. Ne5 Qe7 10. e3 a6 11. f4 Nbd7 12. Be2 O-O-O 13. h4 Rdg8 14. g4 c5
15. h5 gxh5 16. g5 Ne8 17. Nxd7 Kxd7 18. Bd3 c4 19. Be2 f6 20. Bxh5 fxg5 21. f5
b5 22. Rhf1 exf5 23. Rxf5 Nd6 24. Re5 Qf8 25. Bg4+ Kc7 26. Nxd5+ Bxd5 27. Qh2
h5 28. Rxd5 hxg4 29. Rc5+ Kb6 30. Qe5 Rg6 31. d5 Qf6 32. Rc6+ Kb7 33. Qg3 Qf3
34. Qe5 Re8 35. Qh2 Qxe3+ 36. Kb1 Qe2 37. Qg1 Re3 38. Rf1 g3 39. a3 g2 40. Rc1
1-0

[Event "SommerMaaskeHede EMT 2002"]
[Site "Vanlose"]
[Date "2002.08.02"]
[Round "5"]
[White "Christensen, Jan N"]
[Black "Andersen, Rune"]
[Result "0-1"]
[WhiteElo "2009"]
[BlackElo "2021"]
[PlyCount "62"]
[EventDate "2002.07.29"]


1. e4 c5 2. f4 d5 3. exd5 Nf6 4. Nc3 a6 5. a4 b6 6. Bc4 Bb7 7. Nge2 Nxd5 8.
Nxd5 Bxd5 9. Bxd5 Qxd5 10. O-O e6 11. d3 Nc6 12. Ng3 Be7 13. Bd2 h5 14. Qf3
Qxf3 15. gxf3 h4 16. Ne4 Nd4 17. c3 Nb3 18. Rad1 Rd8 19. Be1 f6 20. Kf2 Rh5 21.
Ke3 c4 22. d4 Ra5 23. Bxh4 Rxa4 24. Rf2 Ra2 25. Rg2 Kf7 26. Rdg1 Bf8 27. Rg6
Rxb2 28. Nxf6 Nc1 29. f5 Re2+ 30. Kf4 Nd3+ 31. Kg3 exf5 0-1

[Event "SommerMaaskeHede EMT 2002"]
[Site "Vanlose"]
[Date "2002.08.02"]
[Round "5"]
[White "Reuter, Filip"]
[Black "Adamski, Jan"]
[Result "0-1"]
[WhiteElo "2129"]
[BlackElo "2304"]
[PlyCount "48"]
[EventDate "2002.07.29"]


1. e4 c5 2. Nf3 e6 3. d4 cxd4 4. Nxd4 a6 5. Nc3 b5 6. Bd3 d6 7. a4 b4 8. Nce2
Nf6 9. O-O Bb7 10. Ng3 Nbd7 11. a5 Be7 12. Qe2 Qc7 13. Bd2 d5 14. exd5 Nxd5 15.
Rfe1 O-O 16. Nh5 N7f6 17. Nxf6+ Bxf6 18. Qg4 Rad8 19. Nf3 Bxb2 20. Qh4 Nf6 21.
Rab1 Bc3 22. Bg5 Rxd3 23. cxd3 Bxe1 24. Rxe1 Nd5 0-1

[Event "SommerMaaskeHede EMT 2002"]
[Site "Vanlose"]
[Date "2002.08.03"]
[Round "6"]
[White "Andersen, Henrik"]
[Black "Tandrup, Michael"]
[Result "0-1"]
[WhiteElo "1901"]
[BlackElo "1874"]
[PlyCount "136"]
[EventDate "2002.07.29"]


1. c4 Nf6 2. Nc3 e6 3. e4 d6 4. d4 Nbd7 5. Bd3 e5 6. d5 a5 7. f3 Nc5 8. Bc2 Be7
9. Be3 O-O 10. Nge2 Ne8 11. Qd2 f5 12. exf5 Bxf5 13. O-O Bxc2 14. Qxc2 Bg5 15.
Qd2 Bxe3+ 16. Qxe3 Qh4 17. Ne4 Nxe4 18. Qxe4 Qh6 19. Rad1 Nf6 20. Qd3 b6 21.
Qd2 Qh4 22. b3 Rae8 23. Nc3 Rf7 24. g3 Qh5 25. Ne4 Nxe4 26. fxe4 Ref8 27. Rxf7
Qxf7 28. Qe2 Qf3 29. Qxf3 Rxf3 30. Re1 a4 31. bxa4 Rc3 32. a5 bxa5 33. Rb1 Rxc4
34. Rb7 Kf8 35. Kf2 Rxe4 36. Rxc7 Rd4 37. Kf3 Rxd5 38. Ke4 Rd2 39. Kf5 Rf2+ 40.
Ke6 Rf6+ 41. Kd5 Rf2 42. Ke6 g6 43. Rxh7 e4 44. Kxd6 Rd2+ 45. Kc5 e3 46. Rh4
Rxa2 47. Re4 Rxh2 48. Rxe3 Rh5+ 49. Kd6 Kf7 50. Ra3 Kf6 51. Ra4 Rg5 52. Ra3 Rf5
53. Ra4 Rf3 54. Rxa5 Rxg3 55. Ra8 Rd3+ 56. Kc5 g5 57. Re8 Kf5 58. Kc4 Rd1 59.
Rf8+ Kg4 60. Kc3 Kg3 61. Rg8 g4 62. Rg7 Kf3 63. Rf7+ Kg2 64. Rg7 g3 65. Rg6 Rd8
66. Rg7 Rf8 67. Kd3 Kf2 68. Ra7 g2 0-1

[Event "SommerMaaskeHede EMT 2002"]
[Site "Vanlose"]
[Date "2002.08.03"]
[Round "6"]
[White "Brandstrup, Bo"]
[Black "Christensen, Jan N"]
[Result "0-1"]
[WhiteElo "1924"]
[BlackElo "2009"]
[PlyCount "144"]
[EventDate "2002.07.29"]


1. Nf3 Nc6 2. d4 d5 3. Bf4 Bg4 4. Nbd2 e6 5. e3 Bd6 6. c3 f6 7. Qb3 Rb8 8. Bd3
Nge7 9. Bg3 O-O 10. Qc2 Bf5 11. e4 dxe4 12. Nxe4 Ng6 13. Nxd6 Bxd3 14. Qxd3
cxd6 15. O-O f5 16. h3 f4 17. Bh2 e5 18. Rfe1 Qf6 19. Rad1 Rfe8 20. Re2 Rbd8
21. Rde1 Re7 22. b4 Rde8 23. b5 Nb8 24. Qc4+ Qf7 25. Qxf7+ Kxf7 26. dxe5 dxe5
27. Ng5+ Kf6 28. Ne4+ Ke6 29. Rd1 Nd7 30. f3 Nf6 31. Rd6+ Kf5 32. Nxf6 gxf6 33.
Kf1 Rc8 34. Rc2 Rec7 35. Rd3 Rc5 36. Bg1 Rxb5 37. Bxa7 Ke6 38. Ke2 Nh4 39. Bf2
Nxg2 40. c4 Rb1 41. Rb3 Rxb3 42. axb3 Rd8 43. c5 Kf5 44. b4 Rd3 45. b5 Ne3 46.
Bxe3 Rxe3+ 47. Kf2 Rb3 48. c6 bxc6 49. bxc6 Rb8 50. c7 Rc8 51. Rc6 Kg5 52. Rc1
Kg6 53. Ke2 Kf7 54. Kd3 Ke6 55. Rc6+ Kd5 56. Rxf6 Rxc7 57. h4 Ra7 58. Rh6 Ra3+
59. Ke2 Ra2+ 60. Kf1 Kd4 61. Rh5 Ke3 62. Rxe5+ Kxf3 63. Ke1 Kg4 64. Re7 h5 65.
Rf7 Rh2 66. Rg7+ Kf3 67. Rb7 Rh1+ 68. Kd2 Rxh4 69. Rb3+ Kf2 70. Rb4 Rg4 71. Rb8
h4 72. Rh8 Kg2 0-1

[Event "SommerMaaskeHede EMT 2002"]
[Site "Vanlose"]
[Date "2002.08.03"]
[Round "6"]
[White "Nielsen, Jan Mose"]
[Black "Askgaard, Jens"]
[Result "1-0"]
[WhiteElo "2037"]
[BlackElo "2106"]
[PlyCount "64"]
[EventDate "2002.07.29"]


1. d4 e6 2. Nf3 c5 3. c4 cxd4 4. Nxd4 a6 5. Nc3 Nf6 6. e3 Be7 7. Bd3 Nc6 8. O-O
O-O 9. Bd2 Qc7 10. Rc1 b6 11. Nce2 Bb7 12. Bc3 Rac8 13. Nf3 Rfd8 14. Nf4 Nb4
15. Bb1 d5 16. Qe1 Qd6 17. Be5 Qd7 18. Bxf6 gxf6 19. a3 Nc6 20. cxd5 exd5 21.
Qe2 Ne5 22. h3 Rxc1 23. Rxc1 Rc8 24. Rd1 Ng6 25. Nd4 Qc7 26. Qh5 Bd6 27. Nxd5
Bxd5 28. Qxd5 Be5 29. Qe4 Rd8 30. h4 Qc5 31. h5 f5 32. Qxf5 Nf8 1-0

[Event "SommerMaaskeHede EMT 2002"]
[Site "Vanlose"]
[Date "2002.08.03"]
[Round "6"]
[White "Adamski, Jan"]
[Black "Hjortkaer, Rolf"]
[Result "1-0"]
[WhiteElo "2304"]
[BlackElo "1884"]
[PlyCount "73"]
[EventDate "2002.07.29"]


1. Nf3 d5 2. c4 c6 3. e3 Nf6 4. Nc3 e6 5. d4 Be7 6. Bd3 O-O 7. O-O dxc4 8. Bxc4
b5 9. Bd3 Nbd7 10. e4 b4 11. Na4 Bb7 12. Bg5 g6 13. e5 Nd5 14. Bxe7 Qxe7 15.
Rc1 c5 16. Nxc5 Nxc5 17. Rxc5 Nf4 18. Re1 Rfd8 19. Rc2 Nxg2 20. Kxg2 Rxd4 21.
Rc4 Rad8 22. Rxd4 Rxd4 23. Kf1 Rf4 24. Re3 Qc5 25. Be2 Bd5 26. b3 g5 27. h3 h5
28. Qd2 g4 29. hxg4 hxg4 30. Nh2 Qe7 31. Rg3 Re4 32. Nxg4 Rxg4 33. Rxg4+ Kf8
34. Bb5 Qc5 35. Qh6+ Ke7 36. Qf6+ Kf8 37. Qd8# 1-0

[Event "SommerMaaskeHede EMT 2002"]
[Site "Vanlose"]
[Date "2002.08.03"]
[Round "6"]
[White "Pedersen, Flemming Petri"]
[Black "Petersen, Steen Brustrup"]
[Result "0-1"]
[WhiteElo "2085"]
[BlackElo "2049"]
[PlyCount "80"]
[EventDate "2002.07.29"]


1. e4 e5 2. d4 exd4 3. Qxd4 Nc6 4. Qe3 Nf6 5. Nc3 Be7 6. Bd2 d5 7. exd5 Nxd5 8.
Qg3 Ncb4 9. Nxd5 Qxd5 10. Qxg7 Nxc2+ 11. Kd1 Nxa1 12. Qxh8+ Bf8 13. Nf3 Bg4 14.
Qc3 O-O-O 15. Bc4 Qe4 16. Re1 Qg6 17. h3 Bxf3+ 18. gxf3 Bh6 19. f4 Bxf4 20. Bd5
Bxd2 21. Kxd2 Rxd5+ 22. Ke2 Qc2+ 23. Kf1 Qxc3 24. bxc3 Nc2 25. Re7 Rf5 26. Re2
Na3 27. Re4 b5 28. Re8+ Kb7 29. Rh8 h5 30. Ke2 Nc4 31. Kd3 Nd6 32. Ke3 a5 33.
f4 b4 34. cxb4 axb4 35. h4 c5 36. Rg8 Kc6 37. Rg2 c4 38. Rd2 Kc5 39. Rb2 Rd5
40. a3 Rd3+ 0-1

[Event "SommerMaaskeHede EMT 2002"]
[Site "Vanlose"]
[Date "2002.08.03"]
[Round "6"]
[White "Sorensen, Morten S"]
[Black "Reuter, Filip"]
[Result "1-0"]
[WhiteElo "2051"]
[BlackElo "2129"]
[PlyCount "75"]
[EventDate "2002.07.29"]


1. d4 f5 2. Nc3 Nf6 3. Bg5 e6 4. e4 Be7 5. exf5 exf5 6. Qf3 O-O 7. O-O-O c6 8.
h4 b5 9. Bd3 d6 10. Nh3 Na6 11. Rhe1 b4 12. Nb1 Nc7 13. Qxc6 d5 14. Bf4 Nfe8
15. Qa4 Bd7 16. Qa5 Rc8 17. Nd2 Nd6 18. Nf3 Be8 19. Rxe7 Qxe7 20. Qxb4 Ncb5 21.
Bxb5 Bxb5 22. Bxd6 Qe4 23. Bc5 Be2 24. Re1 Rfe8 25. Qd2 Qg4 26. Rxe2 Qxg2 27.
Nhg1 Re4 28. b3 Rce8 29. Re3 f4 30. Rc3 Qf1+ 31. Kb2 a5 32. Bd6 h6 33. Be5 g5
34. hxg5 hxg5 35. Nxg5 Re1 36. Qxf4 Rb1+ 37. Ka3 Rf8 38. Qh4 1-0